Los pueblos indígenas frente al nuevo milenio: (Registro nro. 19793)
[ vista simple ]
| 000 -CABECERA | |
|---|---|
| Campo de control | 00891cam a2200253 i 4500 |
| 005 - FECHA Y HORA DE LA ULTIMA TRANSACCION | |
| Campo de control | 20180803170419.0 |
| 008 - ELEMENTOS DE LONGITUD FIJA—INFORMACION GENERAL | |
| Campo de control | 170901s1998 cl a r 00010 spa d |
| 040 ## - FUENTE DE CATALOGACIÓN | |
| Agencia catalogadora original | CO-BoIAVH |
| Agencia transcriptora | CO-BoIAVH |
| Agencia Modificadora | CO-BoIAVH |
| 041 0# - IDIOMA | |
| Código de idioma para texto/pista de sonido o título separado | Español |
| 044 ## - PAÍS DE PUBLICACIÓN | |
| País de publicación | Chile |
| 082 14 - NUMERO DE CLASIFICACION DECIMAL DEWEY | |
| Número de clasificación | 323.11 |
| Número del ítem | W35p |
| 100 1# - ASIENTO PRINCIPAL--NOMBRE PERSONAL | |
| Nombre personal | García-Romeru, Bibiana |
| Fechas asociadas con el nombre | autora |
| 9 (RLIN) | 83844 |
| 245 14 - MENCION DE TITULO | |
| Título | Los pueblos indígenas frente al nuevo milenio: |
| Parte restante del título | herramienta de trabajo para la participación indígena en la agenda ambiental internacional / |
| 260 ## - PUBLICACION, DISTRIBUCION, ETC. (PIE DE IMPRENTA) | |
| Lugar de publicación, distribución, etc. | Madrid: |
| Nombre del editor, distribuidor, etc. | WATU; |
| -- | Acción Indígena, |
| Fecha de publicación, distribución, etc. | 1998. |
| 300 ## - DESCRIPCION FISICA | |
| Extensión | 132 páginas ; |
| 504 ## - NOTA DE BIBLIOGRAFIA, ETC. | |
| Nota de bibliografía | Incluye glosario e índice. |
| 650 14 - ASIENTO SECUNDARIO DE MATERIA - TERMINO TEMATICO | |
| Término temático o nombre geográfico como elemento de entrada | Indígenas |
| Subdivisión general | medio ambiente |
| 9 (RLIN) | 83845 |
| 650 24 - ASIENTO SECUNDARIO DE MATERIA - TERMINO TEMATICO | |
| Término temático o nombre geográfico como elemento de entrada | Participación indígena |
| 9 (RLIN) | 83838 |
| 650 24 - ASIENTO SECUNDARIO DE MATERIA - TERMINO TEMATICO | |
| Término temático o nombre geográfico como elemento de entrada | Comunidades indígenas |
| 9 (RLIN) | 92521 |
| 700 1# - ASIENTO SECUNDARIO - NOMBRE PERSONAL | |
| Nombre personal | López, Atencio |
| Término de relación | autor |
| 9 (RLIN) | 11367 |
| 700 1# - ASIENTO SECUNDARIO - NOMBRE PERSONAL | |
| Nombre personal | Huertas, Héctor |
| Término de relación | autor |
| 9 (RLIN) | 11368 |
| 942 ## - ELEMENTOS ADICIONALES (KOHA) | |
| Sistema de clasificación | Dewey Decimal Classification |
| Tipo de ítem | Libro |
| 949 ## - LOCAL PROCESSING INFORMATION (OCLC) | |
| a | c |
| b | c |
| Withdrawn status | Lost status | Sistema de Clasificación | Damaged status | No para préstamo | Colección | Inventariado | Ubicación Permanente | Ubicación actual | Fecha de adquisición | Valor | Total Checkouts | Número topográfico | Inventario / Código de Barras | Date last seen | Ejemplar | Price effective from | Forma de adquisición | Tipo de material |
|---|---|---|---|---|---|---|---|---|---|---|---|---|---|---|---|---|---|---|
| Dewey Decimal Classification | General | Inventariado 2017 | Bogotá | Bogotá | 01/09/2017 | 39000.00 | LB-323.11 W35p | 001653 | 01/09/2017 | Ej. 1 | 01/09/2017 | Donación | Libro |